000 01107nam a22002777a 4500
005 20100813115918.0
010 _aENG-100457 G-001651
020 _c195.00
_a9788183281072
035 _aEN-83990
037 _bDBAD/PUB
037 _bGift
082 _a793.31954
100 _aDoraiswamy, Rashmi
_935143
245 _aGuru Dutt through light and shade /
_cby Rashmi Doraiswamy
260 _aNew Delhi
_bWisdom Tree
_c2008
270 _aC-209/1 Mayapuri, Phase-II
_bNew Delhi
_e110064
300 _a124p.
_c16cm (Hb)
_bill
490 _aThe Legends of Indian cinema ; Aruna Vasudev
_935144
650 _aDance
_935145
650 _aIndia
700 _913048
942 _2ddc
_cEN
_h793.31954
_mDOR
999 _c41874
_d41874